000 01255nam a22003012a 4500
001 33977
003 BD-RjUL
005 20211209052104.0
008 140512s1960 pau b 000 0 eng d
035 _a(BD-RjUL)34069
040 _aDLC
_cCCL
_dBD-RjUL
_beng
041 _aeng
082 _a307
_bBOT 1960
110 2 _aUniversity of Pennsylvania.
_bGraduate School of Arts and Sciences.
_9103274
245 1 0 _aBoth human and humane :
_bthe humanities and social sciences in graduate education /
_c[by] John P. Gillin [and others] Edited by Charles E. Boewe and Roy F. Nichols
260 _aPhiladelphia :
_bUniversity of Pennsylvania,
_c1960
300 _a224 p. ;
_c22 cm
500 _aPapers read at the sessions in 1958 of one of a series of conferences celebrating the 75th Anniversary of the Graduate School of the University of Pennsylvania
504 _aBibliographical footnotes
650 0 _aSocial sciences
_xStudy and teaching
_916681
650 0 _aHumanities
_xStudy and teaching
_99587
700 1 _aGillin, John P.
_q(John Philip),
_d1907-1973
_9103271
700 1 _aBoewe, Charles E.,
_d1924-
_9103272
700 1 _aNichols, Roy F.
_q(Roy Franklin),
_d1896-1973
_985455
942 _2ddc
_cBK
999 _c33977
_d33977